[Event "Merida World Heritage op 2nd"]
[Site "Merida"]
[Date "2022.08.03"]
[Round "2"]
[White "Guerreiro, Jose Velho"]
[Black "Garcia Garcia, Juan Gabriel"]
[Result "1/2-1/2"]
[WhiteElo "1533"]
[BlackElo "1756"]
[PlyCount "103"]
[EventDate "2022.08.02"]
[EventType "swiss"]
[EventRounds "9"]
[EventCountry "ESP"]
[SourceTitle "EXT 2023"]
[Source "ChessBase"]
[SourceDate "2022.10.05"]
[SourceVersion "1"]
[SourceVersionDate "2022.10.05"]
[SourceQuality "1"]

1. d4 d5 2. c4 e6 3. Nf3 Nf6 4. Nc3 Be7 5. Bf4 c6 6. e3 0-0 7. Be2 dxc4 8. Bxc4 Nbd7 9. 0-0 Nb6 10. Be2 Nbd5 11. Bg3 Nxc3 12. bxc3 Ne4 13. Qc2 Nxg3 14. hxg3 c5 15. Nd2 cxd4 16. cxd4 Bd7 17. Bf3 Rc8 18. Qb2 b6 19. Rac1 Rxc1 20. Rxc1 Qb8 21. Nc4 Rc8 22. Ne5 Be8 23. Bc6 Qc7 24. Rc2 Bd6 25. Be4 Qd8 26. Qc1 Rxc2 27. Qxc2 Bxe5 28. dxe5 g6 29. f4 Kg7 30. Kf2 Qd7 31. Kf3 Qa4 32. g4 Qxc2 33. Bxc2 Bc6+ 34. e4 Kf8 35. Ke3 Ke7 36. g3 h6 37. Kd4 Kd7 38. Kc4 a6 39. Kd4 Bb7 40. Ba4+ Bc6 41. Bc2 Bb5 42. Bd1 h5 43. Kc3 Kc6 44. f5 Kc5 45. Bb3 Bd7 46. a3 b5 47. Kd3 g5 48. Ba2 b4 49. a4 Bc8 50. Bc4 Bd7 51. Bb3 Bc8 52. Bc4 1/2-1/2

[Event "Biel ATO op 52nd"]
[Site "Biel"]
[Date "2019.07.28"]
[Round "6"]
[White "Jud, Marc"]
[Black "Garcia Garcia, Juan Gabriel"]
[Result "1-0"]
[WhiteElo "1940"]
[BlackElo "1725"]
[PlyCount "81"]
[EventDate "2019.07.20"]
[EventType "swiss"]
[EventRounds "9"]
[EventCountry "SUI"]
[SourceTitle "EXT 2020"]
[Source "ChessBase"]
[SourceDate "2019.10.17"]
[SourceVersion "1"]
[SourceVersionDate "2019.10.17"]
[SourceQuality "1"]

1. e4 e5 2. Nf3 Nc6 3. Bb5 a6 4. Ba4 Nf6 5. d3 Bc5 6. 0-0 d6 7. c3 h6 8. Be3 Ba7 9. Nbd2 0-0 10. Re1 b5 11. Bc2 Bg4 12. Nf1 d5 13. Bxa7 Rxa7 14. exd5 Nxd5 15. Ne3 Nxe3 16. fxe3 Ne7 17. h3 Bxf3 18. Qxf3 c5 19. e4 Ng6 20. g3 a5 21. Qe3 Qc8 22. Kg2 Ra6 23. Rf1 h5 24. h4 Rd6 25. Rf5 Rfd8 26. Rd1 Qc7 27. Rff1 Nf8 28. Qe2 g6 29. Bb3 Ne6 30. Bd5 Qe7 31. Qe3 Kg7 32. Rf2 Rf8 33. Rdf1 Qc7 34. Qd2 f6 35. Qe3 Qe7 36. Rf3 Nc7 37. Qxc5 Nxd5 38. exd5 Qd7 39. c4 Rc8 40. Qxb5 Rxd5 41. Qxd5 1-0